000 00507nam a2200181 a 4500
005 20140310183304.0
008 050713s19uu xx 00 eng d
020 _a8126116757
050 _aT 58.6
_b.K96 2004
100 _aKumar, N.
245 _aManagement information system /
_cN. Kumar, R. Mittal.
260 _aIndia :
_bAnmol Pub. Pvt. Ltd,
_c2004.
300 _a363 p. :
_bill. ;
_c22 cm.
521 _aIT
650 _aManagement information systems.
942 _cBK
_2lcc
_kLOC
999 _c21054
_d21054